000 00620nam a22001937a 4500
008 160819b xxu||||| |||| 00| 0 eng d
020 _a9780195430325
050 _aBF 311. B4525 2009
100 _aBenjafield, John G.
_d2009
245 _aCognition /
_cJohn G.Benjafield, Daniel Smilek and Alan Kingstone
250 _a4th ed.
260 _aOntario;
_bOxford university press,
_c2009.
300 _axv, 528 p. :ill.
_bIncludes bibliographical references and index.
650 _aCognitive psychology.
650 _aCognition.
700 _aSmilek, Daniel.
700 _aKingstone, Alan.
942 _2lcc
_cBOOKS
999 _c13726
_d13726